[Event "Blonduos Icelandic op"]
[Site "Blonduos"]
[Date "2025.06.20"]
[Round "8"]
[White "Birkisson, Bjorn Holm"]
[Black "Birkisson, Bardur Orn"]
[Result "1/2-1/2"]
[WhiteElo "2128"]
[BlackElo "2280"]
[PlyCount "49"]
[EventDate "2025.06.15"]
[EventType "swiss"]
[EventRounds "9"]
[EventCountry "ISL"]
[SourceTitle "CB26_2025"]
[SourceDate "2025.06.25"]
[SourceVersion "1"]
[SourceVersionDate "2025.06.25"]
[SourceQuality "1"]

1. e4 e5 2. Nf3 Nc6 3. Bc4 Nf6 4. d3 Bc5 5. c3 a6 6. a4 Ba7 7. 0-0 d6 8. Nbd2 Nh5 9. Re1 Qf6 10. Nf1 Bg4 11. Ne3 Bxf3 12. Qxf3 Qxf3 13. gxf3 Ne7 14. Ng2 Ng6 15. Be3 a5 16. Rab1 Ke7 17. b4 Rhb8 18. bxa5 Bxe3 19. fxe3 Rxa5 20. Rb4 Nf6 21. Reb1 Ra7 22. a5 Rxa5 23. Rxb7 Rxb7 24. Rxb7 Rc5 25. Rb5 1/2-1/2

[Event "Reykjavik op"]
[Site "Reykjavik"]
[Date "2025.04.15"]
[Round "9"]
[White "Bozilov, Dragan"]
[Black "Birkisson, Bjorn Holm"]
[Result "1/2-1/2"]
[WhiteElo "1981"]
[BlackElo "2154"]
[PlyCount "121"]
[EventDate "2025.04.09"]
[EventType "swiss"]
[EventRounds "9"]
[EventCountry "ISL"]
[SourceTitle "CB17_2025"]
[SourceDate "2025.04.23"]
[SourceVersion "1"]
[SourceVersionDate "2025.04.23"]
[SourceQuality "1"]

1. Nf3 d5 2. g3 b6 3. Bg2 Bb7 4. d4 e6 5. 0-0 Nd7 6. b3 Ngf6 7. Nbd2 Be7 8. Bb2 0-0 9. c4 c5 10. e3 dxc4 11. Nxc4 b5 12. Nce5 Nxe5 13. Nxe5 Bxg2 14. Kxg2 Qd5+ 15. Qf3 Qxf3+ 16. Kxf3 Rac8 17. Rac1 Rfd8 18. Rfd1 Ne8 19. dxc5 Rxd1 20. Rxd1 Bxc5 21. Rd7 f6 22. Nd3 Bb6 23. Re7 e5 24. Rd7 Rd8 25. Rxd8 Bxd8 26. Ke4 Nc7 27. Nb4 Kf7 28. Nc6 Be7 29. Nxa7 Bc5 30. Nc6 Ke6 31. a3 Kd6 32. Na5 Bb6 33. Bc3 Na6 34. Kd3 Nc5+ 35. Kc2 Ne4 36. Bb4+ Ke6 37. f3 Ng5 38. f4 Nf3 39. Kd3 Nxh2 40. Nb7 Nf1 41. fxe5 fxe5 42. g4 Nxe3 43. Bc5 Nd5 44. Bxb6 Nxb6 45. Ke4 Nd7 46. a4 bxa4 47. bxa4 Nf6+ 48. Kf3 Kd5 49. a5 Kc6 50. a6 Nd7 51. Nd8+ Kb6 52. Ne6 g6 53. Ng5 Kxa6 54. Nxh7 Nc5 55. g5 Kb5 56. Nf8 Kc4 57. Nxg6 e4+ 58. Ke3 Kd5 59. Nf4+ Ke5 60. g6 Ne6 61. Nxe6 1/2-1/2

[Event "Reykjavik op"]
[Site "Reykjavik"]
[Date "2025.04.13"]
[Round "7"]
[White "Haraldsson, Leif"]
[Black "Birkisson, Bjorn Holm"]
[Result "0-1"]
[WhiteElo "1844"]
[BlackElo "2154"]
[PlyCount "64"]
[EventDate "2025.04.09"]
[EventType "swiss"]
[EventRounds "9"]
[EventCountry "ISL"]
[SourceTitle "CB17_2025"]
[SourceDate "2025.04.23"]
[SourceVersion "1"]
[SourceVersionDate "2025.04.23"]
[SourceQuality "1"]

1. f4 d5 2. Nf3 c5 3. d3 Nf6 4. g3 Nc6 5. Bg2 e6 6. c3 Be7 7. 0-0 0-0 8. Qc2 b5 9. e4 c4 10. e5 cxd3 11. Qxd3 Ng4 12. Nd4 Qb6 13. Rd1 b4 14. h3 Ba6 15. Qf3 Nxd4 16. cxd4 Nh6 17. g4 Rac8 18. Be3 Rc2 19. f5 Be2 20. Qg3 exf5 21. Rd2 Rxd2 22. Nxd2 fxg4 23. Re1 Nf5 24. Qf4 Nxe3 25. Qxe3 gxh3 26. Bxd5 Bg4 27. Be4 Rd8 28. Nb3 a5 29. d5 Qxe3+ 30. Rxe3 a4 31. Nd4 Bc5 32. Rd3 Bf5 0-1

[Event "Reykjavik op"]
[Site "Reykjavik"]
[Date "2025.04.11"]
[Round "4"]
[White "Birkisson, Bjorn Holm"]
[Black "Grose, Kameron"]
[Result "1/2-1/2"]
[WhiteElo "2154"]
[BlackElo "1882"]
[PlyCount "40"]
[EventDate "2025.04.09"]
[EventType "swiss"]
[EventRounds "9"]
[EventCountry "ISL"]
[SourceTitle "CB17_2025"]
[SourceDate "2025.04.23"]
[SourceVersion "1"]
[SourceVersionDate "2025.04.23"]
[SourceQuality "1"]

1. c4 e5 2. Nc3 Nf6 3. Nf3 Nc6 4. e3 Bb4 5. Qc2 Bxc3 6. Qxc3 Qe7 7. a3 d5 8. d4 Nxd4 9. Nxd4 exd4 10. Qxd4 dxc4 11. Bxc4 0-0 12. 0-0 Rd8 13. Qh4 Be6 14. Be2 Bb3 15. f3 Qc5 16. Qf2 c6 17. e4 Qxf2+ 18. Kxf2 Nd7 19. Be3 Ne5 20. Rac1 Nd3+ 1/2-1/2

[Event "Reykjavik op"]
[Site "Reykjavik"]
[Date "2025.04.10"]
[Round "2"]
[White "Birkisson, Bjorn Holm"]
[Black "Solano, Juan Pablo"]
[Result "1/2-1/2"]
[WhiteElo "2154"]
[BlackElo "1929"]
[PlyCount "52"]
[EventDate "2025.04.09"]
[EventType "swiss"]
[EventRounds "9"]
[EventCountry "ISL"]
[SourceTitle "CB17_2025"]
[SourceDate "2025.04.23"]
[SourceVersion "1"]
[SourceVersionDate "2025.04.23"]
[SourceQuality "1"]

1. c4 e5 2. Nc3 Nf6 3. Nf3 Nc6 4. e3 Bb4 5. Qc2 Bxc3 6. Qxc3 Qe7 7. a3 a5 8. b4 e4 9. b5 exf3 10. bxc6 fxg2 11. Bxg2 dxc6 12. d3 0-0 13. Bb2 Rd8 14. 0-0-0 Ne8 15. Rhg1 f6 16. Be4 Ra6 17. Rg3 b5 18. Rdg1 b4 19. Qb3 c5 20. Qd1 Qf7 21. Qf3 Be6 22. Bc6 Bd7 23. Bd5 Be6 24. Bc6 Bd7 25. Bd5 Be6 26. Bc6 Bd7 1/2-1/2

[Event "London Classic op 14th"]
[Site "London"]
[Date "2024.12.03"]
[Round "6"]
[White "Bird, Joel"]
[Black "Birkisson, Bjorn Holm"]
[Result "1/2-1/2"]
[WhiteElo "2001"]
[BlackElo "2165"]
[PlyCount "81"]
[EventDate "2024.11.29"]
[EventType "swiss"]
[EventRounds "9"]
[EventCountry "ENG"]
[SourceTitle "CB50_2024"]
[SourceDate "2024.11.01"]
[SourceVersion "1"]
[SourceVersionDate "2024.11.01"]
[SourceQuality "2"]

1. e4 c6 2. d4 d5 3. Nc3 dxe4 4. Nxe4 Nf6 5. Nxf6+ exf6 6. c3 Bd6 7. Bd3 0-0 8. Qc2 Re8+ 9. Ne2 h5 10. 0-0 h4 11. h3 Nd7 12. Be3 Nf8 13. Rad1 Bc7 14. c4 Qd6 15. Nf4 Ne6 16. c5 Qd8 17. Nxe6 Bxe6 18. Bc4 Qd7 19. Bxe6 Qxe6 20. Qb3 Qxb3 21. axb3 Rad8 22. b4 a6 23. Rd3 Rd5 24. f3 f5 25. Bf2 Bd8 26. Re1 Rxe1+ 27. Bxe1 Bf6 28. Bc3 Kf8 29. Kf2 Rd8 30. Rd2 Ke7 31. Re2+ Kd7 32. Ke1 Re8 33. Rxe8 Kxe8 34. Ke2 Kd7 35. Kd3 Ke6 36. Kc4 Bg5 37. Be1 g6 38. b3 Bf6 39. Bd2 Bd8 40. Be1 Bf6 41. Bd2 1/2-1/2

[Event "EU-Cup 39th"]
[Site "Vrnjacka Banja"]
[Date "2024.10.22"]
[Round "3.4"]
[White "Zanan, Evgeny"]
[Black "Birkisson, Bjorn Holm"]
[Result "1-0"]
[WhiteElo "2476"]
[BlackElo "2202"]
[PlyCount "69"]
[EventDate "2024.10.20"]
[EventType "team-swiss"]
[EventRounds "7"]
[EventCountry "SRB"]
[SourceTitle "CB44_2024"]
[Source "Chessbase"]
[SourceDate "2024.10.30"]
[SourceVersion "1"]
[SourceVersionDate "2024.10.30"]
[SourceQuality "1"]
[WhiteTeam "Rishon Le Zion"]
[BlackTeam "Breidablik"]
[WhiteTeamCountry "ISR"]
[BlackTeamCountry "ISL"]

1. e4 c6 2. d4 d5 3. Nd2 dxe4 4. Nxe4 Nf6 5. Nxf6+ exf6 6. c3 Bd6 7. Bd3 0-0 8. Qc2 Re8+ 9. Ne2 h5 10. 0-0 h4 11. Nf4 Nd7 12. Qd1 Nf8 13. Qh5 Qc7 14. g3 Bd7 15. Ng2 h3 16. Ne3 g6 17. Qh4 Be7 18. Ng4 Nh7 19. Nh6+ Kg7 20. Nxf7 Nf8 21. Qh8+ Kxf7 22. Bh6 Rec8 23. Rfe1 Be6 24. Bxf8 Rxf8 25. Qh7+ Ke8 26. Rxe6 Kd8 27. Rae1 Bd6 28. Qxg6 Qd7 29. Bf5 Kc7 30. Rxf6 Rxf6 31. Qxf6 Re8 32. Rxe8 Qxe8 33. Qe6 Qh5 34. Bxh3 Qh7 35. Bf5 1-0

[Event "Reykjavik op"]
[Site "Reykjavik"]
[Date "2024.03.15"]
[Round "1"]
[White "Moussard, Jules"]
[Black "Birkisson, Bjorn Holm"]
[Result "1-0"]
[WhiteElo "2621"]
[BlackElo "2140"]
[PlyCount "101"]
[EventDate "2024.03.15"]
[EventType "swiss"]
[EventRounds "9"]
[EventCountry "ISL"]
[SourceTitle "CBM 219 Extra"]
[Source "ChessBase"]
[SourceDate "2024.05.31"]
[SourceVersion "1"]
[SourceVersionDate "2024.05.31"]
[SourceQuality "1"]

1. e4 c5 2. Nf3 Nc6 3. Bb5 Nf6 4. Nc3 Qc7 5. 0-0 Nd4 6. Re1 a6 7. Bf1 Ng4 8. g3 Nxf3+ 9. Qxf3 Ne5 10. Qg2 e6 11. d3 Be7 12. f4 Nc6 13. Be3 0-0 14. Qf2 d6 15. Bg2 Rb8 16. g4 b5 17. Ne2 f5 18. exf5 exf5 19. g5 Be6 20. d4 cxd4 21. Nxd4 Nxd4 22. Bxd4 Bf7 23. a4 b4 24. Qe2 Rfe8 25. Qxa6 d5 26. Be5 Qc5+ 27. Kh1 Rbc8 28. c3 bxc3 29. bxc3 Bd8 30. Bd4 Rxe1+ 31. Rxe1 Qc4 32. Qb7 Qc6 33. Qxc6 Rxc6 34. Re5 Re6 35. Bxd5 Rxe5 36. Bxf7+ Kxf7 37. Bxe5 g6 38. Kg2 Ke6 39. c4 Ba5 40. Kf3 Kd7 41. Ke3 Kc6 42. Kd3 Kc5 43. Bd4+ Kc6 44. Bc3 Bc7 45. Bd2 Bb6 46. a5 Bg1 47. h3 Bc5 48. Be3 Bf8 49. a6 Bg7 50. a7 Kb7 51. Bb6 1-0

[Event "Ceske Budejovice op-A"]
[Site "Ceske Budejovice"]
[Date "2023.07.05"]
[Round "5"]
[White "Birkisson, Bjorn Holm"]
[Black "Lutz, Rene"]
[Result "1/2-1/2"]
[WhiteElo "2137"]
[BlackElo "2005"]
[PlyCount "52"]
[EventDate "2023.07.01"]
[EventType "swiss"]
[EventRounds "9"]
[EventCountry "CZE"]
[SourceTitle "CBM 215 Extra"]
[Source "ChessBase"]
[SourceDate "2023.09.30"]
[SourceVersion "1"]
[SourceVersionDate "2023.09.30"]
[SourceQuality "1"]

1. e4 c5 2. Nf3 d6 3. Bb5+ Nd7 4. a4 a6 5. Be2 Ngf6 6. Nc3 g6 7. a5 Bg7 8. 0-0 0-0 9. d3 b5 10. axb6 Qxb6 11. Nd2 Ne5 12. Kh1 Nc6 13. Nc4 Qc7 14. Bg5 e6 15. Bf4 Ne8 16. Qd2 Nd4 17. Bd1 Qd8 18. Bh6 Rb8 19. Bxg7 Kxg7 20. Ne2 Nc6 21. Qc3+ Qf6 22. Nxd6 Nxd6 23. Qxc5 Qxb2 24. Rc1 Nxe4 25. dxe4 Qb5 26. Qxb5 Rxb5 1/2-1/2

[Event "Reykjavik op"]
[Site "Reykjavik"]
[Date "2023.03.29"]
[Round "1"]
[White "Dhulipalla, Bala Chandra Prasad"]
[Black "Birkisson, Bjorn Holm"]
[Result "1-0"]
[WhiteElo "2441"]
[BlackElo "2110"]
[PlyCount "113"]
[EventDate "2023.03.29"]
[EventType "swiss"]
[EventRounds "9"]
[EventCountry "ISL"]
[SourceTitle "CBM 213 Extra"]
[Source "ChessBase"]
[SourceDate "2023.05.31"]
[SourceVersion "1"]
[SourceVersionDate "2023.05.31"]
[SourceQuality "1"]

1. d4 d5 2. c4 e6 3. Nf3 Nf6 4. g3 Bb4+ 5. Bd2 Be7 6. Bg2 0-0 7. 0-0 c6 8. Qc2 Nbd7 9. Bf4 b6 10. Rd1 Ba6 11. Ne5 Rc8 12. cxd5 Nxd5 13. Nxc6 Nb4 14. Qa4 Nxc6 15. Bxc6 Bxe2 16. Re1 b5 17. Qa6 Nb6 18. Rxe2 Rxc6 19. Nc3 Qa8 20. Qxb5 Rd8 21. Rd1 Nd5 22. Nxd5 Rxd5 23. Qa4 Bf6 24. Be3 Qc8 25. Red2 h5 26. Qa3 h4 27. Qd3 hxg3 28. hxg3 Rh5 29. Qe4 g6 30. b3 Rd5 31. Kg2 Qd7 32. Rh1 Rcd6 33. Rhd1 Bg7 34. Kg1 e5 35. Rd3 exd4 36. Bf4 Re6 37. Qf3 Qc6 38. Rc1 Rc5 39. Rxc5 Re1+ 40. Kg2 Qxc5 41. Qa8+ Kh7 42. g4 g5 43. Bd2 Re6 44. Rf3 Qe5 45. Qb7 Re7 46. Qc8 Kg6 47. Qc6+ Re6 48. Qb7 Re7 49. Qa6+ Re6 50. Qxa7 Rf6 51. Qa8 Qe2 52. Bb4 d3 53. Qd5 Rxf3 54. Qxf3 Qc2 55. Qf5+ Kh6 56. Qxf7 Qe2 57. Qh5# 1-0

[Event "Koge Lang Sommer 3rd"]
[Site "Koge"]
[Date "2022.07.08"]
[Round "6"]
[White "Birkisson, Bjorn Holm"]
[Black "Jacobsen, Mikkel Manosri"]
[Result "0-1"]
[WhiteElo "2095"]
[BlackElo "2309"]
[PlyCount "118"]
[EventDate "2022.07.06"]
[EventType "tourn"]
[EventRounds "9"]
[EventCountry "DEN"]
[SourceTitle "CBM 209 Extra"]
[Source "ChessBase"]
[SourceDate "2022.09.30"]
[SourceVersion "1"]
[SourceVersionDate "2022.09.30"]
[SourceQuality "1"]

1. c4 c5 2. Nc3 Nc6 3. Nf3 g6 4. e3 Nf6 5. d4 cxd4 6. exd4 d5 7. cxd5 Nxd5 8. Bc4 Nxc3 9. bxc3 Bg7 10. 0-0 0-0 11. Bf4 Na5 12. Bb3 b6 13. Ne5 Bb7 14. h4 Nxb3 15. axb3 Qd5 16. Qf3 Qxf3 17. Nxf3 Bxf3 18. gxf3 Rfc8 19. Rfc1 h5 20. Ra6 Bf6 21. Bg5 Bxg5 22. hxg5 Kf8 23. Kf1 Rc7 24. Ke2 Rd8 25. Ke3 Rd5 26. f4 Rb5 27. Ra3 f6 28. gxf6 exf6 29. Kf3 Rd5 30. Raa1 Kg7 31. Kg3 Kh6 32. Kh3 Rb5 33. Rab1 Rf5 34. Kg3 Rg7 35. f3 g5 36. fxg5+ fxg5 37. Rf1 h4+ 38. Kg2 Rf4 39. Rbe1 g4 40. fxg4 Rfxg4+ 41. Kh1 Rg3 42. Re6+ Kh5 43. Re5+ Kg4 44. Rg1 Rxg1+ 45. Kxg1 Kf4+ 46. Kh2 Rg3 47. Re7 Rxc3 48. Rxa7 Ke4 49. Rh7 Kxd4 50. Rxh4+ Kc5 51. Kg2 Rxb3 52. Kf2 Rd3 53. Ke2 Rd5 54. Rg4 b5 55. Rh4 b4 56. Rg4 b3 57. Rg8 Kb4 58. Rb8+ Rb5 59. Rg8 b2 0-1

[Event "Koge Lang Sommer 3rd"]
[Site "Koge"]
[Date "2022.07.08"]
[Round "5"]
[White "Hari, Charan Sai Kalluri"]
[Black "Birkisson, Bjorn Holm"]
[Result "1/2-1/2"]
[WhiteElo "2041"]
[BlackElo "2095"]
[PlyCount "82"]
[EventDate "2022.07.06"]
[EventType "tourn"]
[EventRounds "9"]
[EventCountry "DEN"]
[SourceTitle "CBM 209 Extra"]
[Source "ChessBase"]
[SourceDate "2022.09.30"]
[SourceVersion "1"]
[SourceVersionDate "2022.09.30"]
[SourceQuality "1"]

1. d4 Nf6 2. c4 e6 3. Nc3 d5 4. Bg5 Be7 5. Nf3 Nbd7 6. e3 0-0 7. cxd5 Nxd5 8. Bxe7 Qxe7 9. Rc1 Nxc3 10. bxc3 c5 11. Bd3 b6 12. 0-0 Bb7 13. e4 cxd4 14. cxd4 Rac8 15. Qa4 a6 16. Qb3 Qd6 17. Rfd1 Qf4 18. Rxc8 Rxc8 19. Nd2 h6 20. a4 Rb8 21. Qb4 Nf6 22. g3 Qc7 23. Rb1 Rd8 24. f3 Qd6 25. Qxd6 Rxd6 26. Nb3 Nd7 27. Kf2 Ne5 28. Bxa6 Bxa6 29. dxe5 Rd3 30. Nc1 Rd4 31. Rxb6 Rxa4 32. Rb2 Ra5 33. f4 Ra4 34. Ra2 Rc4 35. Rxa6 Rxc1 36. Ra2 Rc4 37. Re2 Rc3 38. g4 g5 39. Re3 Rc2+ 40. Re2 Rc3 41. Re3 Rc2+ 1/2-1/2

[Event "ISL-chT2 2122"]
[Site "Reykjavik"]
[Date "2022.03.05"]
[Round "5.1"]
[White "Birkisson, Bjorn Holm"]
[Black "Gudmundsson, Kristjan"]
[Result "1-0"]
[WhiteElo "2076"]
[BlackElo "2234"]
[PlyCount "76"]
[EventDate "2021.10.01"]
[EventType "team-tourn"]
[EventRounds "7"]
[EventCountry "ISL"]
[SourceTitle "EXT 2024"]
[Source "ChessBase"]
[SourceDate "2023.10.10"]
[SourceVersion "1"]
[SourceVersionDate "2023.10.10"]
[SourceQuality "1"]
[WhiteTeam "Reykjavik TR II"]
[BlackTeam "Vestmannaeyja"]
[WhiteTeamCountry "ISL"]
[BlackTeamCountry "ISL"]

1. e4 c5 2. Nc3 d6 3. Nge2 Nf6 4. g3 Nc6 5. Bg2 g6 6. 0-0 Bg7 7. d4 cxd4 8. Nxd4 Bd7 9. Nde2 0-0 10. h3 Qa5 11. Bd2 Rfc8 12. Nd5 Qd8 13. a4 Be6 14. c4 Bxd5 15. exd5 Ne5 16. b3 a5 17. Bc3 Ned7 18. Nd4 Qb6 19. Re1 Re8 20. Nb5 Nc5 21. Ra2 Nfd7 22. Bxg7 Kxg7 23. Kh2 Nf6 24. Rae2 Kf8 25. Qd4 Rad8 26. Re3 h5 27. g4 hxg4 28. hxg4 Ncd7 29. Qxb6 Nxb6 30. Bh3 Rb8 31. f4 Ng8 32. Nd4 Nd7 33. g5 Nc5 34. f5 gxf5 35. Bxf5 Rbd8 36. Rf1 e6 37. Bxe6 Re7 38. Ref3 Kg7 1-0

[Event "EU-ch 21st"]
[Site "Reykjavik"]
[Date "2021.09.05"]
[Round "11"]
[White "Birkisson, Bjorn Holm"]
[Black "Krastev, Alexander"]
[Result "0-1"]
[WhiteElo "2064"]
[BlackElo "2389"]
[PlyCount "48"]
[EventDate "2021.08.26"]
[EventType "swiss"]
[EventRounds "11"]
[EventCountry "ISL"]
[SourceTitle "CBM 204"]
[Source "ChessBase"]
[SourceDate "2021.10.31"]
[SourceVersion "1"]
[SourceVersionDate "2021.10.31"]
[SourceQuality "1"]

1. d4 Nf6 2. Nf3 e6 3. c4 c5 4. d5 d6 5. Nc3 g6 6. e4 Bg7 7. Nd2 0-0 8. Be2 Na6 9. 0-0 Nc7 10. a4 b6 11. Ra3 Re8 12. f3 Rb8 13. Re1 a6 14. Rb3 Bd7 15. Nf1 exd5 16. exd5 b5 17. axb5 axb5 18. cxb5 Nfxd5 19. Nxd5 Nxd5 20. Qxd5 Bd4+ 21. Re3 Be6 22. Qc6 Rb6 23. Qe4 f5 24. Qf4 g5 0-1

[Event "EU-ch 21st"]
[Site "Reykjavik"]
[Date "2021.09.03"]
[Round "9"]
[White "Briem, Benedikt"]
[Black "Birkisson, Bjorn Holm"]
[Result "1/2-1/2"]
[WhiteElo "1858"]
[BlackElo "2064"]
[PlyCount "48"]
[EventDate "2021.08.26"]
[EventType "swiss"]
[EventRounds "11"]
[EventCountry "ISL"]
[SourceTitle "CBM 204"]
[Source "ChessBase"]
[SourceDate "2021.10.31"]
[SourceVersion "1"]
[SourceVersionDate "2021.10.31"]
[SourceQuality "1"]

1. d4 Nf6 2. c4 g6 3. Nc3 d5 4. Nf3 Bg7 5. Qb3 dxc4 6. Qxc4 0-0 7. e4 a6 8. Be2 b5 9. Qb3 c5 10. dxc5 Be6 11. Qc2 Nbd7 12. Be3 Rc8 13. Rd1 b4 14. Nd5 Bxd5 15. exd5 Nxc5 16. Bxc5 Nd7 17. Bxa6 Rxc5 18. Qe2 Ra5 19. Bc4 Nb6 20. 0-0 Nxc4 21. Qxc4 Qd6 22. a3 bxa3 23. bxa3 Rxa3 24. Nd4 Bxd4 1/2-1/2